Postavenie sociálneho pracovníka v multidisciplinárnom tíme v slovenskom zdravotníctve

Sociálna práca v zdravotníctve prešla dlhodobým vývojom tak doma ako v zahraničí. V súčasnosti využíva metódy a formy sociálnej práce, ktoré úzko súvisia s poslaním daného zdravotníckeho oddelenia a taktiež od typu pacienta. Hlavným zámerom sociálnej práce v zdravotníctve je iniciovať a realizovať s...

Descrizione completa

Salvato in:
Dettagli Bibliografici
Autore principale: Popovičová, Mária
Altri autori: Snopek, Petr
Natura: Capitolo di libro
Lingua:slovacco
Soggetti:
Tags: Aggiungi Tag
Nessun Tag, puoi essere il primo ad aggiungerne!!

MARC

LEADER 00000naa a2200000 4500
001 0300321
005 20240513132118.3
041 0 |a slo 
044 |a CZ 
245 1 0 |a Postavenie sociálneho pracovníka v multidisciplinárnom tíme v slovenskom zdravotníctve  |c Mária Popovičová, Petr Snopek 
520 |a Sociálna práca v zdravotníctve prešla dlhodobým vývojom tak doma ako v zahraničí. V súčasnosti využíva metódy a formy sociálnej práce, ktoré úzko súvisia s poslaním daného zdravotníckeho oddelenia a taktiež od typu pacienta. Hlavným zámerom sociálnej práce v zdravotníctve je iniciovať a realizovať sociálno-zdravotné služby, zapájať sa do tímovej spolupráce a zároveň zdôrazňovať svoju profesionálnu nezávislosť. Vzhľadom k tomu cieľom výskumu bolo zistiť, aktuálne vnímanie sociálnych pracovníkov v zdravotníckych zariadeniach pacientmi. 
610 2 0 |a práca sociálna 
610 2 0 |a zdravotníctvo 
610 2 0 |a zariadenia zdravotnícke 
610 2 0 |a pacienti 
610 2 0 |a komunikácia interpersonálna 
100 1 |a Popovičová, Mária 
700 1 |a Snopek, Petr